[Event "ISR-chT"]
[Site "Israel"]
[Date "2024.02.10"]
[Round "6.16"]
[White "Zanan, Evgeny"]
[Black "Sidorenko, Ilya"]
[Result "1-0"]
[WhiteElo "2475"]
[BlackElo "2382"]
[PlyCount "121"]
[EventDate "2024.01.10"]
[EventType "team-tourn"]
[EventRounds "11"]
[EventCountry "ISR"]
[SourceTitle "CB09_2024"]
[SourceDate "2024.02.28"]
[SourceVersion "1"]
[SourceVersionDate "2024.02.28"]
[SourceQuality "1"]
[WhiteTeam "Rishon Le Zion"]
[BlackTeam "Ramat Gan Etiod"]
[WhiteTeamCountry "ISR"]
[BlackTeamCountry "ISR"]

1. d4 Nf6 2. Nf3 g6 3. Nbd2 d5 4. b4 Bg7 5. e3 a5 6. b5 c5 7. c3 Nbd7 8. Ba3 Qc7 9. Rc1 b6 10. c4 Bb7 11. cxd5 Bxd5 12. Bc4 0-0 13. 0-0 Rfd8 14. Qe2 Bxc4 15. Nxc4 Ne4 16. Nfd2 Nxd2 17. Nxd2 Rac8 18. dxc5 bxc5 19. Nc4 Ne5 20. Rfd1 Nxc4 21. Qxc4 Rd6 22. g3 Qd7 23. Rxd6 exd6 24. Rd1 Rb8 25. Bxc5 Qxb5 26. Qxb5 Rxb5 27. Bxd6 Bf8 28. Bxf8 Kxf8 29. Rd4 Ke7 30. g4 h5 31. h3 hxg4 32. hxg4 Ke6 33. Kg2 f6 34. Kf3 Ke5 35. Re4+ Kd5 36. Ra4 Ke5 37. Kg3 g5 38. f4+ gxf4+ 39. exf4+ Ke6 40. Kf3 Rc5 41. Ke3 Rd5 42. Re4+ Kf7 43. Rc4 Rb5 44. Rc7+ Kf8 45. Ra7 Ke8 46. a4 Rd5 47. Ke4 Rc5 48. Kd4 Rc1 49. Rxa5 Rg1 50. Ke4 Rxg4 51. Kf5 Rh4 52. Ke6 Kf8 53. f5 Rb4 54. Kxf6 Rb6+ 55. Kg5 Kf7 56. Ra7+ Kf8 57. a5 Rc6 58. a6 Rb6 59. Ra8+ Kg7 60. a7 Rg6+ 61. Kh4 1-0

[Event "ISR-chT"]
[Site "Israel"]
[Date "2024.01.20"]
[Round "4.2"]
[White "Zanan, Evgeny"]
[Black "Tzidkiya, Yeshaayahu"]
[Result "0-1"]
[WhiteElo "2475"]
[BlackElo "2473"]
[PlyCount "82"]
[EventDate "2024.01.10"]
[EventType "team-tourn"]
[EventRounds "11"]
[EventCountry "ISR"]
[SourceTitle "CB09_2024"]
[SourceDate "2024.02.28"]
[SourceVersion "1"]
[SourceVersionDate "2024.02.28"]
[SourceQuality "1"]
[WhiteTeam "Rishon Le Zion"]
[BlackTeam "Petach Tikva"]
[WhiteTeamCountry "ISR"]
[BlackTeamCountry "ISR"]

1. d4 Nf6 2. c4 g6 3. Nc3 Bg7 4. e4 d6 5. Be2 0-0 6. h4 c5 7. d5 e6 8. h5 exd5 9. exd5 Re8 10. h6 Bh8 11. Bg5 Nbd7 12. Kf1 Ne5 13. Rh4 Qb6 14. b3 Nfd7 15. Rc1 f5 16. Qd2 Nf7 17. Be3 Nde5 18. Rh1 Bd7 19. Nh3 Bf6 20. f3 Re7 21. Nf4 Rae8 22. Ne6 Bxe6 23. dxe6 Rxe6 24. Nd5 Qd8 25. Bd1 Nc6 26. Bf2 Bd4 27. f4 Bxf2 28. Kxf2 Nd4 29. Rc3 g5 30. Rd3 Re4 31. fxg5 Nxg5 32. Rg3 f4 33. Rg4 Kh8 34. Rh5 Re2+ 35. Qxe2 Rxe2+ 36. Bxe2 Ne4+ 37. Kf1 Ng3+ 38. Rxg3 fxg3 39. Bf3 Qf8 40. Rh4 Nxf3 41. Rf4 Nh2+ 0-1

[Event "ISR-chT"]
[Site "Israel"]
[Date "2024.01.10"]
[Round "1.20"]
[White "Efroimski, Marsel"]
[Black "Zanan, Evgeny"]
[Result "1/2-1/2"]
[WhiteElo "2449"]
[BlackElo "2475"]
[PlyCount "41"]
[EventDate "2024.01.10"]
[EventType "team-tourn"]
[EventRounds "11"]
[EventCountry "ISR"]
[SourceTitle "CB09_2024"]
[SourceDate "2024.02.28"]
[SourceVersion "1"]
[SourceVersionDate "2024.02.28"]
[SourceQuality "1"]
[WhiteTeam "Rishon Le iZion II"]
[BlackTeam "Rishon Le Zion"]
[WhiteTeamCountry "ISR"]
[BlackTeamCountry "ISR"]

1. e4 e5 2. Nf3 Nc6 3. Nc3 Nf6 4. Bb5 Nd4 5. Nxd4 exd4 6. e5 dxc3 7. exf6 Qxf6 8. dxc3 Qe5+ 9. Be2 Bc5 10. 0-0 0-0 11. Bd3 d5 12. Qf3 Bd6 13. g3 c6 14. Bf4 Qf6 15. Qh5 h6 16. Bxd6 Qxd6 17. Rfe1 Bd7 18. Re3 Rae8 19. Rae1 Rxe3 20. Rxe3 Qf6 21. Qe5 1/2-1/2

[Event "Benidorm Bali op-A"]
[Site "Benidorm"]
[Date "2023.12.07"]
[Round "8"]
[White "Zanan, Evgeny"]
[Black "Solodovnichenko, Yuri"]
[Result "1/2-1/2"]
[WhiteElo "2483"]
[BlackElo "2486"]
[PlyCount "51"]
[EventDate "2023.12.01"]
[EventType "swiss"]
[EventRounds "9"]
[EventCountry "ESP"]
[SourceTitle "CB50_2023"]
[SourceDate "2023.12.13"]
[SourceVersion "1"]
[SourceVersionDate "2023.12.13"]
[SourceQuality "1"]

1. e4 c5 2. c3 Nf6 3. e5 Nd5 4. Nf3 d6 5. Bb5+ Bd7 6. Bc4 e6 7. d4 cxd4 8. Bxd5 exd5 9. 0-0 dxe5 10. Nxe5 Nc6 11. Qh5 Nxe5 12. Qxe5+ Be6 13. Qxd4 Qc7 14. Bf4 Qc4 15. Qe3 Qe4 16. Nd2 Qxe3 17. Bxe3 Bd6 18. Nb3 Kd7 19. Rad1 Rhc8 20. Nd4 Bc5 21. Nc2 b6 22. Rd2 Kc6 23. Re1 Re8 24. Nd4+ Bxd4 25. Bxd4 f6 26. Rde2 1/2-1/2

[Event "Monsaraz op"]
[Site "Monsaraz"]
[Date "2023.11.26"]
[Round "7"]
[White "Zanan, Evgeny"]
[Black "Pon, Matt"]
[Result "1-0"]
[WhiteElo "2486"]
[BlackElo "2185"]
[PlyCount "101"]
[EventDate "2023.11.21"]
[EventType "swiss"]
[EventRounds "9"]
[EventCountry "POR"]
[SourceTitle "CB49_2023"]
[SourceDate "2023.12.06"]
[SourceVersion "1"]
[SourceVersionDate "2023.12.06"]
[SourceQuality "1"]

1. e4 e5 2. Nf3 Nc6 3. Bb5 f5 4. d4 fxe4 5. Nxe5 Nxe5 6. dxe5 c6 7. Be2 Qa5+ 8. Nd2 Qxe5 9. Nc4 Qe6 10. Bg5 Nf6 11. Ne3 Bc5 12. 0-0 Qe5 13. Bh4 0-0 14. Bg3 Qe6 15. c4 Kh8 16. Rc1 d6 17. Qd2 a5 18. a3 a4 19. Rfd1 h6 20. Bxd6 Rd8 21. Bxc5 Rxd2 22. Rxd2 Qe8 23. Rcd1 Be6 24. Bd4 Qf7 25. Bc3 Re8 26. Rd6 Nd7 27. Bg4 Nc5 28. Be2 Nd7 29. R1d2 Nb6 30. R6d4 Bc8 31. c5 Nd7 32. Bc4 Qe7 33. Nf5 Qxc5 34. Rxd7 Bxd7 35. Rxd7 Qxc4 36. Rxg7 Re5 37. Re7 Qxc3 38. bxc3 Rxf5 39. Rxe4 Rc5 40. Rxa4 Rxc3 41. g3 Kg7 42. Rb4 b5 43. a4 bxa4 44. Rxa4 Kf6 45. Ra5 c5 46. Ra6+ Kg5 47. h4+ Kg4 48. Kg2 Rc1 49. Rxh6 c4 50. Rc6 c3 51. Rc5 1-0

[Event "Heraklion Tal Memorial 4th"]
[Site "Heraklion"]
[Date "2023.11.08"]
[Round "8"]
[White "Zanan, Evgeny"]
[Black "Rozentalis, Eduardas"]
[Result "1/2-1/2"]
[WhiteElo "2486"]
[BlackElo "2473"]
[PlyCount "64"]
[EventDate "2023.11.01"]
[EventType "tourn"]
[EventRounds "9"]
[EventCountry "GRE"]
[SourceTitle "CB46_2023"]
[SourceDate "2023.11.15"]
[SourceVersion "1"]
[SourceVersionDate "2023.11.15"]
[SourceQuality "1"]

1. e4 e6 2. d4 d5 3. e5 c5 4. c3 Bd7 5. Nf3 a6 6. Be2 Bb5 7. Bxb5+ axb5 8. dxc5 Bxc5 9. b4 Ba7 10. Na3 Nc6 11. Nxb5 Bb8 12. Qe2 Nge7 13. Bf4 0-0 14. 0-0 Ng6 15. Bg3 f5 16. exf6 Qxf6 17. Rad1 Nf4 18. Bxf4 Bxf4 19. Rfe1 Rae8 20. a3 Qh6 21. h3 Bb8 22. c4 dxc4 23. Qxc4 Rxf3 24. gxf3 Ne5 25. Rxe5 Bxe5 26. Re1 Bf4 27. Re4 Bb8 28. Kg2 Qg5+ 29. Rg4 Qe5 30. f4 Qf5 31. Qd4 g6 32. Nc3 Rf8 1/2-1/2

[Event "Heraklion Tal Memorial 4th"]
[Site "Heraklion"]
[Date "2023.11.05"]
[Round "5"]
[White "Zanan, Evgeny"]
[Black "Perkampus, Laurin"]
[Result "1-0"]
[WhiteElo "2486"]
[BlackElo "2134"]
[PlyCount "83"]
[EventDate "2023.11.01"]
[EventType "tourn"]
[EventRounds "9"]
[EventCountry "GRE"]
[SourceTitle "CB46_2023"]
[SourceDate "2023.11.15"]
[SourceVersion "1"]
[SourceVersionDate "2023.11.15"]
[SourceQuality "1"]

1. e4 c6 2. d4 d5 3. e5 Bf5 4. Nf3 e6 5. Be2 c5 6. c3 Nc6 7. 0-0 Bg6 8. Be3 cxd4 9. Nxd4 Nxe5 10. Qa4+ Nd7 11. c4 e5 12. Nc3 Bc5 13. Nb3 Bxe3 14. fxe3 Ngf6 15. Nc5 b5 16. Qxb5 Rb8 17. Qa4 0-0 18. Nxd7 Nxd7 19. cxd5 Rxb2 20. Qxa7 Qg5 21. Kh1 Nf6 22. d6 Nd5 23. Nxd5 Rxe2 24. Ne7+ Kh8 25. Qb7 e4 26. Rg1 Rxe3 27. Rac1 h5 28. Rc8 Rxc8 29. Qxc8+ Kh7 30. d7 Qxe7 31. d8Q Qxd8 32. Qxd8 Re2 33. a4 e3 34. Qd4 f5 35. Qd3 Ra2 36. Qxe3 Rxa4 37. Rf1 f4 38. Qb3 Re4 39. h3 Re3 40. Qd1 Rd3 41. Qe1 Re3 42. Qh4 1-0

[Event "Heraklion Tal Memorial 4th"]
[Site "Heraklion"]
[Date "2023.11.04"]
[Round "4"]
[White "Ladopoulos, Dimitrios"]
[Black "Zanan, Evgeny"]
[Result "0-1"]
[WhiteElo "2349"]
[BlackElo "2486"]
[PlyCount "70"]
[EventDate "2023.11.01"]
[EventType "tourn"]
[EventRounds "9"]
[EventCountry "GRE"]
[SourceTitle "CB46_2023"]
[SourceDate "2023.11.15"]
[SourceVersion "1"]
[SourceVersionDate "2023.11.15"]
[SourceQuality "1"]

1. d4 Nf6 2. Nf3 d5 3. c4 e6 4. g3 dxc4 5. Bg2 Nbd7 6. 0-0 Rb8 7. a4 b6 8. Nbd2 Ba6 9. Qc2 c5 10. Nxc4 Rc8 11. b3 Be7 12. Nfe5 Nd5 13. Nxd7 Qxd7 14. dxc5 Bxc5 15. Bb2 0-0 16. Rfd1 Qe7 17. Bxd5 exd5 18. Rxd5 Bb7 19. Re5 Qd7 20. Rh5 g6 21. Rd1 Qe6 22. Rh4 Rfd8 23. Kf1 Be7 24. Rhd4 Rxd4 25. Rxd4 Qh3+ 26. Ke1 Qxh2 27. Rd7 Bg5 28. e3 Bf3 29. Qd3 Bg4 30. Rxf7 Qh1+ 31. Qf1 Qxf1+ 32. Kxf1 Kxf7 33. Ne5+ Ke6 34. Nxg4 h5 35. Nh2 Bxe3 0-1

[Event "Heraklion Tal Memorial 4th"]
[Site "Heraklion"]
[Date "2023.11.03"]
[Round "3"]
[White "Zanan, Evgeny"]
[Black "Papasimakopoulos, Alexandros"]
[Result "1/2-1/2"]
[WhiteElo "2486"]
[BlackElo "2416"]
[PlyCount "40"]
[EventDate "2023.11.01"]
[EventType "tourn"]
[EventRounds "9"]
[EventCountry "GRE"]
[SourceTitle "CB46_2023"]
[SourceDate "2023.11.15"]
[SourceVersion "1"]
[SourceVersionDate "2023.11.15"]
[SourceQuality "1"]

1. d4 d5 2. c4 e6 3. Nc3 Be7 4. cxd5 exd5 5. Bf4 c6 6. e3 Bd6 7. Bxd6 Qxd6 8. Bd3 Ne7 9. Qc2 Qf6 10. Nge2 Bf5 11. Nf4 Bxd3 12. Qxd3 Nd7 13. 0-0 a5 14. b3 0-0 15. Rac1 Rfe8 16. Rfd1 Nf8 17. g3 Nfg6 18. Nxg6 Qxg6 19. Qxg6 hxg6 20. h4 Nf5 1/2-1/2

[Event "Heraklion Tal Memorial 4th"]
[Site "Heraklion"]
[Date "2023.11.01"]
[Round "1"]
[White "Zanan, Evgeny"]
[Black "Sandalakis, Nikolaos"]
[Result "1/2-1/2"]
[WhiteElo "2486"]
[BlackElo "2192"]
[PlyCount "125"]
[EventDate "2023.11.01"]
[EventType "tourn"]
[EventRounds "9"]
[EventCountry "GRE"]
[SourceTitle "CB46_2023"]
[SourceDate "2023.11.15"]
[SourceVersion "1"]
[SourceVersionDate "2023.11.15"]
[SourceQuality "1"]

1. e4 e5 2. Nf3 Nc6 3. Bc4 Nf6 4. d3 Bc5 5. 0-0 d6 6. c3 a6 7. a4 Ba7 8. Re1 h6 9. Nbd2 0-0 10. h3 Nh5 11. Nf1 Qf6 12. Be3 Ne7 13. d4 Nf4 14. N1h2 Neg6 15. Bf1 Qe7 16. Kh1 a5 17. h4 Re8 18. g3 Nh5 19. Nd2 Nf6 20. h5 Nf8 21. Bg2 Ne6 22. d5 Bxe3 23. Rxe3 Nc5 24. b4 Na6 25. Rb1 Bd7 26. Re1 Reb8 27. f4 axb4 28. cxb4 Qe8 29. a5 b6 30. Qf3 bxa5 31. bxa5 Rxb1 32. Rd1 Rc1 33. Rxc1 Nc5 34. Ra1 Bb5 35. Ng4 Nxg4 36. Qxg4 Bd3 37. Qf3 f5 38. exf5 e4 39. Qg4 Qf7 40. Re1 Rxa5 41. Qg6 Ra4 42. Nf1 Bxf1 43. Bxf1 Kf8 44. Bg2 Qxg6 45. fxg6 Ke7 46. Kh2 Rd4 47. g4 Nd3 48. Rd1 e3 49. Bf1 Ne5 50. Rxd4 Nf3+ 51. Kg2 Nxd4 52. Bd3 Kf6 53. Kg3 Ke7 54. Be4 Kf6 55. Bd3 Ke7 56. g5 Kf8 57. Kg2 Ke7 58. Kg3 Kf8 59. Kg2 Ke7 60. Kf1 Kf8 61. Ke1 Ke7 62. Kf1 Kf8 63. Kg2 1/2-1/2

[Event "EU-Cup 38th"]
[Site "Durres"]
[Date "2023.10.05"]
[Round "5.2"]
[White "Zanan, Evgeny"]
[Black "Wadsworth, Matthew J"]
[Result "1/2-1/2"]
[WhiteElo "2465"]
[BlackElo "2446"]
[PlyCount "92"]
[EventDate "2023.10.01"]
[EventType "team-swiss"]
[EventRounds "7"]
[EventCountry "ALB"]
[SourceTitle "EXT 2024"]
[Source "ChessBase"]
[SourceDate "2023.10.10"]
[SourceVersion "1"]
[SourceVersionDate "2023.10.10"]
[SourceQuality "1"]
[WhiteTeam "Rishon Le Zzion"]
[BlackTeam "Wood Green"]
[WhiteTeamCountry "ISR"]
[BlackTeamCountry "ENG"]

1. d4 d5 2. c4 c6 3. Nf3 Nf6 4. e3 Bf5 5. Nc3 e6 6. Nh4 Be4 7. f3 Bg6 8. Qb3 Qb6 9. c5 Qc7 10. g3 Nbd7 11. Bd2 Be7 12. Nxg6 hxg6 13. f4 Nh5 14. Bg2 f5 15. Qc2 Ndf6 16. Bf3 Ne4 17. g4 Bh4+ 18. Ke2 Nhf6 19. g5 Bxg5 20. Bxe4 fxe4 21. Rag1 Bh4 22. Rxg6 Qf7 23. Rhg1 Rh6 24. Rxh6 gxh6 25. Qd1 0-0-0 26. Be1 Bxe1 27. Kxe1 Rg8 28. Kd2 Rg6 29. h3 Qg7 30. Ne2 Nh5 31. Rxg6 Qxg6 32. Qe1 Kd7 33. Qh4 Ke8 34. Ke1 Ng7 35. Ng3 Nf5 36. Nxf5 Qg1+ 37. Ke2 exf5 38. Qxh6 Qg2+ 39. Ke1 Qg1+ 40. Ke2 Qg2+ 41. Ke1 Qg3+ 42. Kf1 Qf3+ 43. Kg1 Qxe3+ 44. Kh2 Qd2+ 45. Kg3 Qe1+ 46. Kh2 Qd2+ 1/2-1/2

[Event "World-chT Rapid"]
[Site "Dusseldorf"]
[Date "2023.08.28"]
[Round "9"]
[White "Berelowitsch, Alexander"]
[Black "Zanan, Evgeny"]
[Result "1/2-1/2"]
[WhiteElo "2492"]
[BlackElo "2470"]
[PlyCount "134"]
[EventDate "2023.08.26"]
[EventType "team-swiss (rapid)"]
[EventRounds "12"]
[EventCountry "GER"]
[SourceTitle "CBM 215 Extra"]
[Source "ChessBase"]
[SourceDate "2023.09.30"]
[SourceVersion "1"]
[SourceVersionDate "2023.09.30"]
[SourceQuality "1"]
[WhiteTeam "Duesseldorf"]
[BlackTeam "Rishon Le Zion"]
[WhiteTeamCountry "GER"]
[BlackTeamCountry "ISR"]

1. e4 c5 2. c3 Nf6 3. e5 Nd5 4. d4 cxd4 5. Nf3 Nc6 6. cxd4 d6 7. Bc4 Nb6 8. Bb5 dxe5 9. Nxe5 Bd7 10. Bxc6 Bxc6 11. Nxc6 bxc6 12. Be3 g6 13. Nd2 Bg7 14. Nf3 Nc4 15. Qa4 Qd5 16. Rc1 Nxb2 17. Qxc6+ Qxc6 18. Rxc6 Kd7 19. Rc2 Na4 20. Kd2 Rhc8 21. Rhc1 Rxc2+ 22. Rxc2 Bf6 23. Bf4 Rc8 24. Rxc8 Kxc8 25. Be5 Kd7 26. Bxf6 exf6 27. Kd3 Nb6 28. g3 Ke6 29. Nd2 Nd5 30. a3 f5 31. Kc4 Kd6 32. Kd3 h5 33. Nc4+ Ke6 34. Na5 f4 35. Nc6 fxg3 36. fxg3 a6 37. Nb8 Nc7 38. Nc6 f6 39. a4 Kd6 40. Nb4 a5 41. Nc2 Nd5 42. Na3 Nb6 43. Nb5+ Ke6 44. Nc3 g5 45. Ke4 f5+ 46. Kd3 Nd5 47. Nb5 g4 48. Ke2 f4 49. gxf4 Kf5 50. Nd6+ Kxf4 51. Nc4 h4 52. Kf2 Nc3 53. d5 Nxd5 54. Nxa5 Nb6 55. Nc6 Nxa4 56. Ne7 Nc3 57. Ng6+ Kg5 58. Ne5 Kf5 59. Nd3 Nd5 60. Kg2 Ke4 61. Nf2+ Kf4 62. Nd3+ Ke3 63. Ne5 Nf4+ 64. Kf1 g3 65. hxg3 hxg3 66. Kg1 Ke2 67. Ng6 Nxg6 1/2-1/2

[Event "World-chT Rapid"]
[Site "Dusseldorf"]
[Date "2023.08.28"]
[Round "11"]
[White "Bluebaum, Matthias"]
[Black "Zanan, Evgeny"]
[Result "1/2-1/2"]
[WhiteElo "2670"]
[BlackElo "2470"]
[PlyCount "173"]
[EventDate "2023.08.26"]
[EventType "team-swiss (rapid)"]
[EventRounds "12"]
[EventCountry "GER"]
[SourceTitle "CBM 215 Extra"]
[Source "ChessBase"]
[SourceDate "2023.09.30"]
[SourceVersion "1"]
[SourceVersionDate "2023.09.30"]
[SourceQuality "1"]
[WhiteTeam "Germany and Friends"]
[BlackTeam "Rishon Le Zion"]
[WhiteTeamCountry "GER"]
[BlackTeamCountry "ISR"]

1. d4 Nf6 2. c4 e6 3. Nc3 Bb4 4. e3 0-0 5. Bd2 d5 6. Nf3 Nbd7 7. a3 Be7 8. cxd5 exd5 9. Bd3 c6 10. Qc2 Bd6 11. 0-0 Re8 12. Rfe1 h6 13. h3 a5 14. Re2 Nf8 15. Rae1 Bd7 16. e4 dxe4 17. Nxe4 Nxe4 18. Bxe4 Qc7 19. Ne5 Be6 20. Nc4 Bf4 21. Bxf4 Qxf4 22. Nb6 Rad8 23. d5 cxd5 24. Nxd5 Qd6 25. Rd1 Bxd5 26. Rxd5 Qb6 27. Qc4 Rc8 28. Qb5 Qc7 29. Rd1 Re6 30. Rc2 Qb8 31. Rxc8 Qxc8 32. Bxb7 Qc7 33. Bf3 Ng6 34. g3 Ne5 35. Bd5 Re7 36. Bg2 g6 37. b4 axb4 38. axb4 h5 39. Qc5 Qxc5 40. bxc5 Rc7 41. c6 Kf8 42. f4 Nc4 43. Kf2 Ke7 44. Rc1 Nd6 45. g4 hxg4 46. hxg4 Nb5 47. Ke3 Ke6 48. Rb1 Na7 49. Rb7 Kd6 50. Rxc7 Kxc7 51. Kd4 f6 52. g5 fxg5 53. fxg5 Kd6 54. Be4 Nb5+ 55. Ke3 Nc3 56. Bxg6 Kxc6 57. Kd4 Ne2+ 58. Ke5 Kd7 59. Bd3 Ng3 60. Kf6 Nh5+ 61. Kf7 Nf4 62. Be4 Kd6 63. Bf3 Ke5 64. Bg4 Ke4 65. Bc8 Ke5 66. Bd7 Kd6 67. Bf5 Ke5 68. Bg4 Ke4 69. Kf6 Nd5+ 70. Ke6 Nf4+ 71. Kd6 Ng6 72. Ke6 Nf4+ 73. Kf6 Nd5+ 74. Kf7 Nf4 75. Bc8 Ke5 76. Bd7 Kd6 77. Ba4 Nd3 78. Kf6 Ne5 79. Be8 Ng4+ 80. Kf5 Ne3+ 81. Kg6 Ke7 82. Ba4 Nc4 83. Bb3 Ne5+ 84. Kf5 Nf3 85. g6 Nh4+ 86. Kg5 Nxg6 87. Kxg6 1/2-1/2

[Event "World-chT Rapid"]
[Site "Dusseldorf"]
[Date "2023.08.28"]
[Round "12"]
[White "Koellner, Ruben Gideon"]
[Black "Zanan, Evgeny"]
[Result "1-0"]
[WhiteElo "2478"]
[BlackElo "2470"]
[PlyCount "105"]
[EventDate "2023.08.26"]
[EventType "team-swiss (rapid)"]
[EventRounds "12"]
[EventCountry "GER"]
[SourceTitle "CBM 215 Extra"]
[Source "ChessBase"]
[SourceDate "2023.09.30"]
[SourceVersion "1"]
[SourceVersionDate "2023.09.30"]
[SourceQuality "1"]
[WhiteTeam "Team Chessemy.com"]
[BlackTeam "Rishon Le Zion"]
[WhiteTeamCountry "GER"]
[BlackTeamCountry "ISR"]

1. d4 Nf6 2. Nf3 d5 3. c3 c6 4. Bf4 Bf5 5. Nh4 Bg4 6. h3 Bh5 7. g4 Bg6 8. Nd2 Nbd7 9. Qb3 b5 10. Nxg6 hxg6 11. Bg2 Nb6 12. e4 e6 13. Bg3 Be7 14. 0-0 a5 15. exd5 exd5 16. Nf3 Ne4 17. Ne5 Nd2 18. Qc2 Nxf1 19. Nxc6 Qd7 20. Ne5 Qb7 21. Bxf1 Nc4 22. a4 Nxe5 23. Bxe5 0-0 24. axb5 f5 25. c4 Bf6 26. Bg2 Rad8 27. Qe2 Qf7 28. Bxf6 Qxf6 29. Bxd5+ Kh7 30. Ra3 Qxd4 31. Rd3 Qf4 32. Qe3 Qc7 33. Qg3 Qe7 34. g5 Rxd5 35. Rxd5 Qe1+ 36. Kg2 Qe4+ 37. Qf3 Qxc4 38. b6 Rb8 39. Rd6 Qb4 40. Qc6 Qf4 41. Rxg6 Rd8 42. Rxg7+ Kxg7 43. Qf6+ Kh7 44. Qxd8 Qe4+ 45. Kf1 Qb1+ 46. Ke2 Qc2+ 47. Qd2 Qe4+ 48. Qe3 Qc2+ 49. Kf3 Qc6+ 50. Kg3 Kg6 51. h4 Qd6+ 52. f4 Qc6 53. h5+ 1-0

[Event "World-chT Rapid"]
[Site "Dusseldorf"]
[Date "2023.08.27"]
[Round "5.4"]
[White "Van Foreest, Jorden"]
[Black "Zanan, Evgeny"]
[Result "1/2-1/2"]
[WhiteElo "2697"]
[BlackElo "2470"]
[PlyCount "80"]
[EventDate "2023.08.26"]
[EventType "team-swiss (rapid)"]
[EventRounds "12"]
[EventCountry "GER"]
[SourceTitle "CBM 215 Extra"]
[Source "ChessBase"]
[SourceDate "2023.09.30"]
[SourceVersion "1"]
[SourceVersionDate "2023.09.30"]
[SourceQuality "1"]
[WhiteTeam "Chessbrah OFM"]
[BlackTeam "Rishon Le Zion"]
[WhiteTeamCountry "NOR"]
[BlackTeamCountry "ISR"]

1. c4 e6 2. Nc3 d5 3. d4 Nf6 4. cxd5 exd5 5. Bg5 Bb4 6. Qb3 c5 7. dxc5 Nc6 8. 0-0-0 Be6 9. Nf3 Qa5 10. Bxf6 gxf6 11. Nxd5 0-0-0 12. e4 f5 13. Bc4 Qxc5 14. Qc2 fxe4 15. Nxb4 Qxc4 16. Nxc6 Rxd1+ 17. Rxd1 exf3 18. Ne7+ Kb8 19. Qxc4 Bxc4 20. b3 Be2 21. Rg1 Re8 22. Nf5 Re5 23. Nd4 fxg2 24. Rxg2 Bd3 25. Kd2 Bg6 26. Rg4 Kc7 27. a4 a6 28. Rf4 b5 29. axb5 axb5 30. Kc3 Kd6 31. Kb4 Rh5 32. h4 Ke5 33. Rg4 Be4 34. Nxb5 f5 35. Rg7 Rxh4 36. Kc5 Rh2 37. Nd6 Rxf2 38. Rxh7 Bd5 39. Nc4+ Bxc4 40. bxc4 f4 1/2-1/2

[Event "World-chT Rapid"]
[Site "Dusseldorf"]
[Date "2023.08.26"]
[Round "3.8"]
[White "Heinert, Eugen"]
[Black "Zanan, Evgeny"]
[Result "0-1"]
[WhiteElo "2121"]
[BlackElo "2470"]
[PlyCount "70"]
[EventDate "2023.08.26"]
[EventType "team-swiss (rapid)"]
[EventRounds "12"]
[EventCountry "GER"]
[SourceTitle "CBM 215 Extra"]
[Source "ChessBase"]
[SourceDate "2023.09.30"]
[SourceVersion "1"]
[SourceVersionDate "2023.09.30"]
[SourceQuality "1"]
[WhiteTeam "Blerickse Schaakvereniging"]
[BlackTeam "Rishon Le Zion"]
[WhiteTeamCountry "NED"]
[BlackTeamCountry "ISR"]

1. c4 e5 2. g3 Nc6 3. Bg2 g6 4. Nc3 Bg7 5. a3 a5 6. Rb1 d6 7. b4 axb4 8. axb4 f5 9. d3 Nf6 10. Nf3 0-0 11. 0-0 h6 12. b5 Ne7 13. Bb2 g5 14. Ra1 Rb8 15. Ra7 b6 16. Ne1 h5 17. Nd5 Nexd5 18. cxd5 f4 19. Qc2 Rf7 20. Nf3 Ne8 21. Rfa1 Bg4 22. Qc6 Bd7 23. Qc4 Qf6 24. Ra8 Rxa8 25. Rxa8 Rf8 26. gxf4 gxf4 27. Nd2 Kh8 28. d4 Qg6 29. Kh1 Rg8 30. Ra1 Bf6 31. Be4 Qg7 32. Qd3 exd4 33. Nb3 Be5 34. Bxd4 Nf6 35. Bf3 Bh3 0-1

[Event "Arad op 16th"]
[Site "Arad"]
[Date "2023.08.10"]
[Round "6"]
[White "Sai Agni, Jeevitesh J"]
[Black "Zanan, Evgeny"]
[Result "0-1"]
[WhiteElo "2309"]
[BlackElo "2470"]
[PlyCount "138"]
[EventDate "2023.08.07"]
[EventType "swiss"]
[EventRounds "9"]
[EventCountry "ROU"]
[SourceTitle "EXT 2024"]
[Source "ChessBase"]
[SourceDate "2023.10.10"]
[SourceVersion "1"]
[SourceVersionDate "2023.10.10"]
[SourceQuality "1"]

1. d4 Nf6 2. Nf3 d5 3. c3 c6 4. Qc2 g6 5. Bf4 Bf5 6. Qb3 Qb6 7. h3 Nbd7 8. Nbd2 Bg7 9. e3 0-0 10. Be2 Ne4 11. Nxe4 Bxe4 12. 0-0 Rfe8 13. Nd2 e5 14. dxe5 Nc5 15. Qxb6 axb6 16. c4 Bxe5 17. Bxe5 Rxe5 18. cxd5 Bxd5 19. b4 Na4 20. Rfc1 Rd8 21. Rc2 b5 22. Bf3 Be6 23. g4 Kf8 24. Bg2 Rd3 25. Re1 Bd5 26. e4 f5 27. f4 Re8 28. e5 Be6 29. gxf5 Bxf5 30. Ne4 Red8 31. Nf6 Rd1 32. Rce2 Nc3 33. Re3 Rxe1+ 34. Rxe1 h5 35. a3 Ke7 36. Re3 Rd1+ 37. Kh2 Rd3 38. Rxd3 Bxd3 39. Kg3 Bf5 40. Kh4 Ne2 41. Kg5 Nd4 42. Ng8+ Ke6 43. Nh6 Bd3 44. h4 Ke7 45. f5 gxf5 46. Kxh5 b6 47. Ng8+ Ke6 48. Nf6 c5 49. Kg5 c4 50. Nd5 Kxe5 51. h5 Ne6+ 52. Kh4 f4 53. Nc3 Nd4 54. h6 f3 55. Bh3 Ne2 56. Nxb5 Nf4 57. Bf1 Bxf1 58. Kg3 Bd3 59. Kxf3 Nd5 60. Kf2 c3 61. Ke1 Kf6 62. Nd4 Kg6 63. Kd1 Kxh6 64. Nc6 Kg5 65. a4 Kf4 66. a5 bxa5 67. bxa5 Ke3 68. Kc1 c2 69. a6 Nc3 0-1

[Event "Arad op 16th"]
[Site "Arad"]
[Date "2023.08.08"]
[Round "2"]
[White "Bulau, Andrei Cristian"]
[Black "Zanan, Evgeny"]
[Result "0-1"]
[WhiteElo "2164"]
[BlackElo "2470"]
[PlyCount "26"]
[EventDate "2023.08.07"]
[EventType "swiss"]
[EventRounds "9"]
[EventCountry "ROU"]
[SourceTitle "EXT 2024"]
[Source "ChessBase"]
[SourceDate "2023.10.10"]
[SourceVersion "1"]
[SourceVersionDate "2023.10.10"]
[SourceQuality "1"]

1. d4 Nf6 2. c4 e6 3. Nc3 Bb4 4. Qc2 d5 5. cxd5 exd5 6. Bg5 h6 7. Bxf6 Qxf6 8. a3 Bxc3+ 9. Qxc3 0-0 10. Nf3 c6 11. e3 Be6 12. Bd3 Nd7 13. Rc1 Bg4 0-1

[Event "Arad op 16th"]
[Site "Arad"]
[Date "2023.08.07"]
[Round "1"]
[White "Zanan, Evgeny"]
[Black "Capragiu, Matei Stefan"]
[Result "1-0"]
[WhiteElo "2470"]
[BlackElo "1881"]
[PlyCount "45"]
[EventDate "2023.08.07"]
[EventType "swiss"]
[EventRounds "9"]
[EventCountry "ROU"]
[SourceTitle "EXT 2024"]
[Source "ChessBase"]
[SourceDate "2023.10.10"]
[SourceVersion "1"]
[SourceVersionDate "2023.10.10"]
[SourceQuality "1"]

1. e4 e6 2. d4 d5 3. e5 c5 4. c3 Nc6 5. Nf3 Bd7 6. Be2 Nge7 7. Na3 Nf5 8. Nc2 cxd4 9. cxd4 Rc8 10. 0-0 Nb4 11. Nxb4 Bxb4 12. Kh1 0-0 13. Bd3 Qb6 14. g4 Nh6 15. Ng5 Bb5 16. Nxh7 Qxd4 17. Nf6+ gxf6 18. Bh7+ Kxh7 19. Qxd4 Rc4 20. Qd3+ f5 21. Bxh6 Kxh6 22. Qh3+ Kg5 23. f4+ 1-0